<?xml version="1.0" encoding="UTF-8"?><?xml-stylesheet type="text/xsl" href="static/style.xsl"?><OAI-PMH xmlns="http://www.openarchives.org/OAI/2.0/" xmlns:xsi="http://www.w3.org/2001/XMLSchema-instance" xsi:schemaLocation="http://www.openarchives.org/OAI/2.0/ http://www.openarchives.org/OAI/2.0/OAI-PMH.xsd"><responseDate>2026-04-17T21:29:54Z</responseDate><request verb="GetRecord" identifier="oai:www.recercat.cat:20.500.14342/5156" metadataPrefix="marc">https://recercat.cat/oai/request</request><GetRecord><record><header><identifier>oai:recercat.cat:20.500.14342/5156</identifier><datestamp>2025-03-21T04:26:11Z</datestamp><setSpec>com_2072_482405</setSpec><setSpec>com_2072_183628</setSpec><setSpec>col_2072_482415</setSpec></header><metadata><record xmlns="http://www.loc.gov/MARC21/slim" xmlns:dcterms="http://purl.org/dc/terms/" xmlns:xsi="http://www.w3.org/2001/XMLSchema-instance" xmlns:doc="http://www.lyncode.com/xoai" xsi:schemaLocation="http://www.loc.gov/MARC21/slim http://www.loc.gov/standards/marcxml/schema/MARC21slim.xsd">
   <leader>00925njm 22002777a 4500</leader>
   <datafield ind2=" " ind1=" " tag="042">
      <subfield code="a">dc</subfield>
   </datafield>
   <datafield ind2=" " ind1=" " tag="720">
      <subfield code="a">Guasch, Oriol</subfield>
      <subfield code="e">author</subfield>
   </datafield>
   <datafield ind2=" " ind1=" " tag="720">
      <subfield code="a">Van Hirtum, Annemie</subfield>
      <subfield code="e">author</subfield>
   </datafield>
   <datafield ind2=" " ind1=" " tag="720">
      <subfield code="a">Fernandez, Ana Ines</subfield>
      <subfield code="e">author</subfield>
   </datafield>
   <datafield ind2=" " ind1=" " tag="720">
      <subfield code="a">Arnela, Marc</subfield>
      <subfield code="e">author</subfield>
   </datafield>
   <datafield ind2=" " ind1=" " tag="260">
      <subfield code="c">2022-06</subfield>
   </datafield>
   <datafield ind2=" " ind1=" " tag="520">
      <subfield code="a">Human phonation is a highly non-linear process in which subglottal flow emanating from the lungs induces self-oscillations of the vocal folds. In normal conditions, this results in the generation of a regularly pulsating volume velocity that becomes the source of acoustic waves, which once modulated by the vocal tract, get emitted outwards as voice. However, vocal fold oscillations can become chaotic under many circumstances. For instance, even in the case of healthy symmetric vocal folds, an excess value of the subglottal pressure can trigger chaotic motion. In this paper, we derive a chaos control strategy for a two-mass model of the vocal cords to revert the situation and render the motion regular again. The approach relies on slightly altering the system energy to move it to a stable state. Given that no external control forces can be applied to the vocal cords, it is proposed to add a third mass to the original two-mass model, which is assumed to be made of an ideal smart material. The mass of the smart material is presumed negligible in comparison to the two masses of the vocal folds model, but its damping and stiffness can be tuned to evolve with time. For a fixed subglottal pressure for which the motion is chaotic, it is shown how periodicity can be recovered using adequate damping laws, by either attaching the smart material onto the larger vocal fold mass or onto the smaller one. For the latter, chaos control turns to be more difficult and the damping of the smart material has to quickly vary with time. On the other hand, given that the subglottal pressure would rarely be constant in a real situation, we also introduce a damping law to avoid chaotic motion as the subglottal pressure augments or diminishes. Finally, it is shown that control can not only be achieved by acting on the damping of the smart material but also on its stiffness. A stiffness law to prevent chaotic oscillations and get a healthy pulsating volume velocity is therefore implemented. A brief discussion on the mid-long term potential of the presented solution for practical cases is included.</subfield>
   </datafield>
   <datafield ind1="8" ind2=" " tag="024">
      <subfield code="a">0960-0779</subfield>
   </datafield>
   <datafield ind1="8" ind2=" " tag="024">
      <subfield code="a">http://hdl.handle.net/20.500.14342/5156</subfield>
   </datafield>
   <datafield ind1="8" ind2=" " tag="024">
      <subfield code="a">https://doi.org/10.1016/j.chaos.2022.112188</subfield>
   </datafield>
   <datafield tag="653" ind2=" " ind1=" ">
      <subfield code="a">Vocal fold pacemaker</subfield>
   </datafield>
   <datafield tag="653" ind2=" " ind1=" ">
      <subfield code="a">Vocal fold dynamics</subfield>
   </datafield>
   <datafield tag="653" ind2=" " ind1=" ">
      <subfield code="a">Chaotic self-oscillations</subfield>
   </datafield>
   <datafield tag="653" ind2=" " ind1=" ">
      <subfield code="a">Chaos control</subfield>
   </datafield>
   <datafield tag="653" ind2=" " ind1=" ">
      <subfield code="a">Smart materials</subfield>
   </datafield>
   <datafield tag="653" ind2=" " ind1=" ">
      <subfield code="a">Two-mass models</subfield>
   </datafield>
   <datafield tag="653" ind2=" " ind1=" ">
      <subfield code="a">Marcapassos de cordes vocals</subfield>
   </datafield>
   <datafield tag="653" ind2=" " ind1=" ">
      <subfield code="a">Dinàmiques de cordes vocals</subfield>
   </datafield>
   <datafield tag="653" ind2=" " ind1=" ">
      <subfield code="a">Autooscil·lacions caòtiques</subfield>
   </datafield>
   <datafield tag="653" ind2=" " ind1=" ">
      <subfield code="a">Control del caos</subfield>
   </datafield>
   <datafield tag="653" ind2=" " ind1=" ">
      <subfield code="a">Materials intel·ligents</subfield>
   </datafield>
   <datafield tag="653" ind2=" " ind1=" ">
      <subfield code="a">Models de dues masses</subfield>
   </datafield>
   <datafield ind2="0" ind1="0" tag="245">
      <subfield code="a">Controlling chaotic oscillations in a symmetric two-mass model of the vocal folds</subfield>
   </datafield>
</record></metadata></record></GetRecord></OAI-PMH>